Drug or New Name? #2 (B-C) - Statistics

General Stats
  • This quiz has been taken 2 times
  • The average score is 14 of 24
Answer Stats
Question Answer % Correct
Bextra Drug
100%
Blujepa Drug
100%
Breyanzi Drug
100%
Caelyx Drug
100%
Caplyta Drug
100%
Cerdelga Drug
100%
Bexlei Name
100%
Calluna Name
100%
Bendectin Drug
50%
Brethaire Drug
50%
Byetta Drug
50%
Carac Drug
50%
Carmol Drug
50%
Cryselle Drug
50%
Crysvita Drug
50%
Brazyl Name
50%
Chantzy Name
50%
Cimani Name
50%
Cyir Name
50%
Cardene Drug
0%
Cassipa Drug
0%
Cejemly Drug
0%
Cimerli Drug
0%
Cesur Name
0%
No matching quizzes found
Score Distribution
Percent of People with Each Score
Percentile by Number Answered
Your Score History
You have not taken this quiz